MARC details
| 000 -LEADER |
| fixed length control field |
01605cam a2200445Ia 4500 |
| 001 - CONTROL NUMBER |
| control field |
sjds471169 |
| 003 - CONTROL NUMBER IDENTIFIER |
| control field |
sjds |
| 005 - DATE AND TIME OF LATEST TRANSACTION |
| control field |
20170606132934.0 |
| 008 - FIXED-LENGTH DATA ELEMENTS--GENERAL INFORMATION |
| fixed length control field |
110920s2011 nyua 000 0 spa d |
| 020 ## - INTERNATIONAL STANDARD BOOK NUMBER |
| International Standard Book Number |
9780451236173 (pbk.) |
| 020 ## - INTERNATIONAL STANDARD BOOK NUMBER |
| International Standard Book Number |
0451236173 (pbk.) |
| 035 ## - SYSTEM CONTROL NUMBER |
| System control number |
(OCoLC)753705139 |
| 035 ## - SYSTEM CONTROL NUMBER |
| Canceled/invalid control number |
(OCoLC)707969130 |
| 040 ## - CATALOGING SOURCE |
| Original cataloging agency |
SAP |
| Transcribing agency |
SAP |
| Modifying agency |
BTCTA |
| -- |
YDXCP |
| -- |
TEF |
| -- |
IFA |
| -- |
UtOrBLW |
| 041 1# - LANGUAGE CODE |
| Language code of text/sound track or separate title |
spa |
| Language code of original |
eng |
| 049 ## - LOCAL HOLDINGS (OCLC) |
| Holding library |
IFAA |
| 099 ## - LOCAL FREE-TEXT CALL NUMBER (OCLC) |
| Classification number |
ESPANOL 641.597291 ESTEFAN 2011 |
| 999 ## - SYSTEM CONTROL NUMBERS (KOHA) |
| Koha Dewey Subclass [OBSOLETE] |
ESPANOL 641.597291 ESTEFAN 2011 |
| 100 1# - MAIN ENTRY--PERSONAL NAME |
| Personal name |
Estefan, Emilio. |
| 240 10 - UNIFORM TITLE |
| Uniform title |
<a href="Estefan kitchen.">Estefan kitchen.</a> |
| Language of a work |
Spanish |
| 245 13 - TITLE STATEMENT |
| Title |
La cocina de los Estefan / |
| Statement of responsibility, etc. |
Emilio & Gloria Estefan ; [traducido por Karelia Báez]. |
| 260 ## - PUBLICATION, DISTRIBUTION, ETC. (IMPRINT) |
| Place of publication, distribution, etc. |
New York, NY : |
| Name of publisher, distributor, etc. |
Celebra/[New American Library], |
| Date of publication, distribution, etc. |
2011. |
| 264 #1 - PRODUCTION, PUBLICATION, DISTRIBUTION, MANUFACTURE, AND COPYRIGHT NOTICE |
| Place of production, publication, distribution, manufacture |
New York, NY : |
| Name of producer, publisher, distributor, manufacturer |
Celebra/[New American Library], |
| Date of production, publication, distribution, manufacture, or copyright notice |
2011. |
| 300 ## - PHYSICAL DESCRIPTION |
| Extent |
x, 245 pages : |
| Other physical details |
illustrations (chiefly color) ; |
| Dimensions |
24 cm. |
| 336 ## - CONTENT TYPE |
| Content type term |
text |
| Content type code |
txt |
| Source |
rdacontent |
| 337 ## - MEDIA TYPE |
| Media type term |
unmediated |
| Media type code |
n |
| Source |
rdamedia |
| 338 ## - CARRIER TYPE |
| Carrier type term |
volume |
| Carrier type code |
nc |
| Source |
rdacarrier |
| 490 0# - SERIES STATEMENT |
| Series statement |
A Celebra book |
| 520 ## - SUMMARY, ETC. |
| Summary, etc. |
"Recetas auténticas cubanas de los restaurantes conocidos mundialmente de Emilio Estefan y Gloria Estefan"--Cover. |
| 520 ## - SUMMARY, ETC. |
| Summary, etc. |
Authentic Cuban recipes from the world renown restaurants owned by Emilio and Gloria Estefan. |
| 650 #0 - SUBJECT ADDED ENTRY--TOPICAL TERM |
| Topical term or geographic name as entry element |
Cooking, Cuban. |
| 650 #0 - SUBJECT ADDED ENTRY--TOPICAL TERM |
| Topical term or geographic name as entry element |
Cooking, Caribbean. |
| 650 #0 - SUBJECT ADDED ENTRY--TOPICAL TERM |
| Topical term or geographic name as entry element |
Food habits. |
| 650 #7 - SUBJECT ADDED ENTRY--TOPICAL TERM |
| Topical term or geographic name as entry element |
Cocina cubana. |
| Source of heading or term |
bidex |
| 650 #7 - SUBJECT ADDED ENTRY--TOPICAL TERM |
| Topical term or geographic name as entry element |
Cocina antillana. |
| Source of heading or term |
bidex |
| 650 #7 - SUBJECT ADDED ENTRY--TOPICAL TERM |
| Topical term or geographic name as entry element |
Hábitos alimenticios. |
| Source of heading or term |
bidex |
| 700 1# - ADDED ENTRY--PERSONAL NAME |
| Personal name |
Estefan, Gloria. |
| 700 1# - ADDED ENTRY--PERSONAL NAME |
| Personal name |
Báez, Karelia. |
| 942 ## - ADDED ENTRY ELEMENTS (KOHA) |
| Source of classification or shelving scheme |
Dewey Decimal Classification |
| Koha item type |
Libro/Book |